000 00371nam a2200145Ia 4500
008 230917s9999||||xx |||||||||||||| ||und||
040 _e244281
_aMAIN
041 _aEnglish
082 _a823.09 K143M:Q
100 _aMithlesh
245 0 _aQuest for identity in Manju Kapur's Difficult daughters and Married woman
260 _c2013
300 _a81 p.
942 _cTH
999 _c127180
_d127180